Elevate surveying - your path to a great career (Record no. 107050)

MARC details
000 -LEADER
fixed length control field 00377cam a22001455a 4500
001 - CONTROL NUMBER
control field L138191
008 - FIXED-LENGTH DATA ELEMENTS--GENERAL INFORMATION
fixed length control field 070521s2006 xxk f 000 0 eng d
035 ## - SYSTEM CONTROL NUMBER
System control number (Sirsi) u138191
041 0# - LANGUAGE CODE
Language code of text/sound track or separate title eng
245 00 - TITLE STATEMENT
Title Elevate surveying - your path to a great career
260 ## - PUBLICATION, DISTRIBUTION, ETC.
Place of publication, distribution, etc. Property week & RICS
Date of publication, distribution, etc. 2006
651 #4 - SUBJECT ADDED ENTRY--GEOGRAPHIC NAME
Geographic name England and Wales
Chronological subdivision 1543-
700 1# - ADDED ENTRY--PERSONAL NAME
Personal name Jones, Steve
942 ## - ADDED ENTRY ELEMENTS (KOHA)
Suppress in OPAC 0

No items available.